<?xml version="1.0" encoding="UTF-8"?>
<record
    xmlns:xsi="http://www.w3.org/2001/XMLSchema-instance"
    xsi:schemaLocation="http://www.loc.gov/MARC21/slim http://www.loc.gov/standards/marcxml/schema/MARC21slim.xsd"
    xmlns="http://www.loc.gov/MARC21/slim">

  <leader>00798nam a2200181Ia 4500</leader>
  <controlfield tag="008">151202s9999||||xx |||||||||||||| ||und||</controlfield>
  <datafield tag="082" ind1=" " ind2=" ">
    <subfield code="b">PNVM-76526</subfield>
  </datafield>
  <datafield tag="100" ind1=" " ind2=" ">
    <subfield code="a">&#x91D;&#x93E; &#x92A;&#x93F;&#x92F;&#x941;&#x937;/&#x905;&#x928;&#x941; -&#x938;&#x902;&#x92D;&#x942;-&#x936;&#x947;&#x91F;&#x947; &#x92E;&#x940;&#x928;&#x93E;</subfield>
  </datafield>
  <datafield tag="245" ind1=" " ind2=" ">
    <subfield code="a">&#x92E;&#x941;&#x902;&#x92C;&#x908;&#x938;&#x94D;&#x924;&#x93E;&#x928; </subfield>
  </datafield>
  <datafield tag="260" ind1=" " ind2=" ">
    <subfield code="b">" &#x935;&#x93F;&#x936;&#x94D;&#x935;&#x915;&#x930;&#x94D;&#x92E;&#x93E; &#x92A;&#x94D;&#x930;&#x915;&#x93E;&#x936;&#x928;,&#x968;&#x96E;&#x969; &#x92C;&#x941;&#x927;&#x935;&#x93E;&#x930; &#x92A;&#x947;&#x920; &#x938;&#x93F;&#x91F;&#x940; &#x92A;&#x94B;&#x938;&#x94D;&#x91F;&#x93E;&#x91C;&#x935;&#x933;,&#x92A;&#x941;&#x923;&#x947; -&#x96A;&#x967;&#x967;&#x966;&#x966;&#x968; "</subfield>
  </datafield>
  <datafield tag="260" ind1=" " ind2=" ">
    <subfield code="c">2015</subfield>
  </datafield>
  <datafield tag="300" ind1=" " ind2=" ">
    <subfield code="a">248</subfield>
  </datafield>
  <datafield tag="600" ind1=" " ind2=" ">
    <subfield code="a">&#x91D;&#x93E; &#x92A;&#x93F;&#x92F;&#x941;&#x937;/&#x905;&#x928;&#x941; -&#x938;&#x902;&#x92D;&#x942;-&#x936;&#x947;&#x91F;&#x947; &#x92E;&#x940;&#x928;&#x93E;</subfield>
  </datafield>
  <datafield tag="630" ind1=" " ind2=" ">
    <subfield code="a">&#x92E;&#x941;&#x902;&#x92C;&#x908;&#x938;&#x94D;&#x924;&#x93E;&#x928; </subfield>
  </datafield>
  <datafield tag="700" ind1=" " ind2=" ">
    <subfield code="a">&#x91D;&#x93E; &#x92A;&#x93F;&#x92F;&#x941;&#x937;/&#x905;&#x928;&#x941; -&#x938;&#x902;&#x92D;&#x942;-&#x936;&#x947;&#x91F;&#x947; &#x92E;&#x940;&#x928;&#x93E;</subfield>
  </datafield>
  <datafield tag="730" ind1=" " ind2=" ">
    <subfield code="a">&#x92E;&#x941;&#x902;&#x92C;&#x908;&#x938;&#x94D;&#x924;&#x93E;&#x928; </subfield>
  </datafield>
  <datafield tag="942" ind1=" " ind2=" ">
    <subfield code="c">BOOK</subfield>
  </datafield>
  <datafield tag="999" ind1=" " ind2=" ">
    <subfield code="c">1343185</subfield>
    <subfield code="d">1343182</subfield>
  </datafield>
  <datafield tag="952" ind1=" " ind2=" ">
    <subfield code="0">0</subfield>
    <subfield code="1">0</subfield>
    <subfield code="4">0</subfield>
    <subfield code="7">0</subfield>
    <subfield code="a">PNVM</subfield>
    <subfield code="b">PNVM</subfield>
    <subfield code="d">2015-06-26</subfield>
    <subfield code="g">230.00</subfield>
    <subfield code="l">0</subfield>
    <subfield code="o">PNVM-76526</subfield>
    <subfield code="p">PNVM-76526</subfield>
    <subfield code="r">2015-12-02 00:00:00</subfield>
    <subfield code="v">230.00</subfield>
    <subfield code="w">2015-12-02</subfield>
    <subfield code="y">BOOK</subfield>
  </datafield>
</record>
